=LDR 00000nam 2200000 4500 =001 INLIS000000000049779 =990 ##$$a 21605926 =005 20170329103826.0 =990 ##$$a 21605925 =006 =990 ##$$a 21605927 =007 =990 ##$$a 21605928 =008 =990 ##$$a 21605929 =020 ##$$a 978-602-9434-83-5 =035 ##$$0010-031700000000224 =040 ##$$a NBPDMAT =082 ##$$a 371.94 =090 ##$$a 371.94 Tan p =100 ##$$a Tanti Meranti =245 ##$$a Psikologi anak autis $c Tanti Meranti ; editor Qoni =260 ##$$a Yogyakarta $b Familia $c 2015 =300 ##$$a iv, 80 hlm. $c 21 cm. =500 ##$$a Bibliografi : hlm. 76 =650 ##$$a Pendidikan Luar Biasa - Autis =700 ##$$a Qoni =850 ##$$a NBPDMAT